Ten Largest countries - click map - Statistics

General Stats
  • This quiz has been taken 57 times
  • The average score is 9 of 10
Answers on the Map
Answers color-coded by a green-red scale on the quiz's map according to % correct below.
 
Answer Stats
Answer % Correct
Russia
100%
Canada
98%
Brazil
96%
China
87%
Australia
85%
United States
85%
India
83%
Kazakhstan
83%
Argentina
81%
Argentina
66%
No matching quizzes found
Score Distribution
Percent of People with Each Score
Percentile by Number Answered
Your Score History
You have not taken this quiz